Statistics for Top Boxers of the 90's

Click here to take the quiz!

General Stats

  • This quiz has been taken 173 times
  • The average score is 38 of 100

Answer Stats

HintAnswer% Correct
90 #7Mike Tyson
95%
90 #6 | 91 #4 | 93 #6 | +3 othersEvander Holyfield
91%
99 #1Roy Jones Jr
77%
93 #8 | 95 #2 | 96 #1 | +2 othersRoy Jones Jr.
77%
95 #4 | 96 #2 | 97 #1 | +2 othersOscar De La Hoya
72%
98 #8 | 99 #2Floyd Mayweather
67%
90 #1 | 91 #1 | 92 #1 | +2 othersJulio Cesar Chavez
65%
99 #9Bernard Hopkins
63%
96 #6 | 97 #7Junior Jones
62%
91 #6 | 92 #6 | 95 #8Riddick Bowe
52%
95 #9Marco Antonio Barrera
49%
94 #7 | 95 #5 | 96 #4 | +3 othersFelix Trinidad
46%
98 #9Naseem Hamed
45%
98 #6 | 99 #5Shane Mosley
45%
99 #8Erik Morales
44%
90 #2 | 91 #2 | 92 #2 | +5 othersPernell Whitaker
44%
91 #9 | 92 #10 | 93 #3James Toney
40%
90 #5 | 91 #5Meldrick Taylor
25%
93 #7 | 94 #4 | 95 #3 | +4 othersRicardo Lopez
25%
96 #10 | 97 #10 | 98 #5 | 99 #6Mark Johnson
22%
92 #9Julian Jackson
21%
95 #7 | 96 #7Kostya Tszyu
19%
90 #3Michael Nunn
17%
94 #8Gerald McClellan
15%
91 #3 | 92 #3 | 95 #10 | +2 othersTerry Norris
13%
94 #10Kevin Kelley
11%
94 #5Humberto Gonzalez
10%
98 #10Johnny Tapia
10%
94 #9Miguel Angel Gonzalez
10%
90 #10 | 91 #8Khaosai Galaxy
9%
92 #7Azumah Nelson
8%
97 #9Ike Quartey
7%
91 #7 | 92 #5James Buddy McGirt
7%
93 #4Michael Carbajal
7%
91 #10 | 92 #8Sung-Kil Moon
7%
94 #6Frankie Randall
4%
93 #9Kennedy McKinney
3%
92 #4 | 93 #5 | 94 #3Orlando Canizales
2%
90 #8Raul Perez
2%
99 #10Stevie Johnston
2%
90 #4Antonio Esparragoza
1%
90 #9Myung-Woo Yuh
1%
93 #10 | 95 #6Yuri Arbachakov
1%

Score Distribution

Percentile by Number Answered

Percent of People with Each Score

Your Score History

You have not taken this quiz